Sombody from _____ is called a ... - Statistics

General Stats
  • This quiz has been taken 230 times
  • The average score is 5 of 15
Answer Stats
Hint Answer % Correct
Denmark Dane
90%
Poland Pole
88%
Mongolia Mongolian
80%
Yemen Yemeni
79%
Tibet Tibetan
63%
Nauru Nauruan
41%
El Salvador El Salvadorian
38%
Arkansas Arkansan
18%
Saskatchewan Saskatchewanian
9%
Connecticut Connecticuter
6%
Massachusetts Bay Stater
4%
Haryana Haryanvi
3%
Warsaw Varsovian
3%
Halifax Haligonian
1%
Niger Nigerois
1%
No matching quizzes found
Score Distribution
Percent of People with Each Score
Percentile by Number Answered
Your Score History
You have not taken this quiz